LEADER 01762nam0 2200349 450 001 000045068 005 20180917130937.0 100 $a20180914d1966----km-y0itaa50------ba 101 0 $aita 102 $aIT 200 1 $aMemoria illustrativa della carta della utilizzazione del suolo della Toscana$efogli 9, 11 e 12 della Carta della utilizzazione del suolo d'Italia$fGiuseppe Barbieri$gcon una introduzione di Carmelo Colamonico 210 $aRoma$cConsiglio nazionale delle ricerche$dstampa 1966 215 $a158 p.$cill.$d24 cm 225 2 $aMemorie regionali illustrative della carta della utilizzazione del suolo d'Italia$v6 316 $aSulla pagina precedente il frontespizio firma autografa e data: Gioacchino Viggiani, 12 maggio 1967 410 0$12001$aMemorie regionali illustrative della carta della utilizzazione del suolo d'Italia$v6 606 1 $aEconomia agraria$yToscana 607 $aToscana$xGeografia economica 676 $a338.1$v(22. ed.)$9Produzione. Agricoltura 676 $a631.47$v(22. ed.)$9Pedologia. Rilevamenti del terreno e suo uso 700 1$aBarbieri,$bGiuseppe$f<1923-2004>$0298398 702 1$aColamonico,$bCarmelo 801 0$aIT$bUniversità della Basilicata - B.I.A.$gREICAT$2unimarc 912 $a000045068 996 $aMemoria illustrativa della carta della utilizzazione del suolo della Toscana$9451380 997 $aUNIBAS CAT $aSTD119$b01$c20180914$lBAS01$h1527 CAT $aTTM$b30$c20180917$lBAS01$h1050 CAT $aTTM$b30$c20180917$lBAS01$h1229 CAT $aTTM$b30$c20180917$lBAS01$h1309 FMT Z30 -1$lBAS01$LBAS01$mBOOK$1BASA2$APolo Tecnico-Scientifico$2FVIG$BFondo Viggiani$3FVig/42740$642740$5T42740$7Collocato presso la Scuola di Agraria$820180914$f35$FStanza riservata LEADER 01487nam1 2200337 i 450 001 IEI0109222 005 20251003044159.0 100 $a19970422d1997 ||||0itac50 ba 101 | $aita 102 $ait 181 1$6z01$ai $bxxxe 182 1$6z01$an 200 1 $aStudi crociani$fGiovanni Sartori 210 $aBologna$cIl mulino$d[1997] 215 $a2 v.$d22 cm. 463 1$1001IEI0109223$12001 $aˆ1: ‰Croce filosofo pratico e la crisi dell'etica$fGiovanni Sartori$v1 463 1$1001RAV0292711$12001 $aˆ2: ‰Croce etico-politico e filosofo della libertà$fGiovanni Sartori$v2 606 $aCroce, Benedetto$2FIR$3CFIC038929$9E 676 $a195$9FILOSOFIA OCCIDENTALE MODERNA. ITALIA$v20 676 $a195$9FILOSOFIA OCCIDENTALE MODERNA. ITALIA$v21 676 $a195$9FILOSOFIA OCCIDENTALE MODERNA. ITALIA$v23 700 1$aSartori$b, Giovanni$f <1924-2017>$3CFIV062588$4070$0743513 801 3$aIT$bIT-000000$c19970422 850 $aIT-BN0095 $aIT-NA0079 $aIT-NA0120 $aIT-NA0075 901 $bNAP 01$cPOZZO LIB.$nVi sono collocati fondi di economia, periodici di ingegneria e scienze, periodici di economia e statistica e altri fondi comprendenti documenti di economia pervenuti in dono. 912 $aIEI0109222 950 1$aBiblioteca Centralizzata di Ateneo$c1 v.$d 01POZZO LIB.ECON MON 8333 967 $m2 977 $a 01$a 63$a BN$a CR$a GE 996 $aStudi crociani$91560381 997 $aUNISANNIO